[Event "Kyustendil Osogovo Cup 2nd"]
[Site "Kyustendil"]
[Date "2016.07.09"]
[Round "5.3"]
[White "Ognyanski, Hristiyan"]
[Black "Gadzhev, Denislav"]
[Result "0-1"]
[WhiteElo "1349"]
[BlackElo "1607"]
[PlyCount "84"]
[EventDate "2016.07.07"]
[EventType "swiss"]
[EventRounds "7"]
[EventCountry "BUL"]
[SourceTitle "EXT 2024"]
[Source "ChessBase"]
[SourceDate "2023.10.10"]
[SourceVersion "1"]
[SourceVersionDate "2023.10.10"]
[SourceQuality "1"]

1. d4 Nf6 2. Nf3 e6 3. a3 c5 4. c3 d5 5. Bf4 Nc6 6. e3 Bd6 7. Bxd6 Qxd6 8. Bd3 cxd4 9. cxd4 0-0 10. 0-0 b6 11. Nc3 Bb7 12. Re1 Rac8 13. Nb5 Qe7 14. Rc1 a6 15. Nc3 b5 16. Qe2 Na5 17. Bc2 Nc4 18. Red1 Kh8 19. Bb3 Rc7 20. Bxc4 dxc4 21. Ne5 Nd7 22. Nxd7 Qxd7 23. Qg4 Rd8 24. Ne4 f5 25. Qg3 Bxe4 26. b3 Qd6 27. Qxd6 Rxd6 28. f3 Bb7 29. Rc2 h6 30. Rdc1 Rdc6 31. bxc4 Rxc4 32. Rxc4 Rxc4 33. Rxc4 bxc4 34. Kf2 Kg8 35. Ke2 Kf7 36. Kd2 Ke7 37. Kc3 Bd5 38. a4 Kd6 39. f4 Bxg2 40. Kxc4 Bf1+ 41. Kc3 Kd5 42. h4 a5 0-1

[Event "Kyustendil Osogovo Cup 2nd"]
[Site "Kyustendil"]
[Date "2016.07.08"]
[Round "3.1"]
[White "Ognyanski, Hristiyan"]
[Black "Genov, Valentin"]
[Result "0-1"]
[WhiteElo "1349"]
[BlackElo "1685"]
[PlyCount "112"]
[EventDate "2016.07.07"]
[EventType "swiss"]
[EventRounds "7"]
[EventCountry "BUL"]
[SourceTitle "EXT 2024"]
[Source "ChessBase"]
[SourceDate "2023.10.10"]
[SourceVersion "1"]
[SourceVersionDate "2023.10.10"]
[SourceQuality "1"]

1. d4 Nf6 2. Nf3 e6 3. Bf4 c5 4. Nc3 cxd4 5. Qxd4 Nc6 6. Qd2 Bb4 7. a3 Ne4 8. Qd3 Bxc3+ 9. bxc3 d5 10. Ne5 Qf6 11. Nxc6 bxc6 12. e3 Nxc3 13. Qd4 Qxd4 14. exd4 0-0 15. Bd3 Na4 16. 0-0 Rd8 17. Rfe1 c5 18. Be3 cxd4 19. Bxd4 a6 20. Re3 f6 21. Rg3 e5 22. Be3 d4 23. Bh6 Ra7 24. h3 Kh8 25. Bd2 Be6 26. Rb1 Rc8 27. Rb4 Nc5 28. Bc4 Bxc4 29. Rxc4 Rac7 30. Ba5 Rc6 31. Rf3 h6 32. Kh2 Nb7 33. Rxc6 Rxc6 34. Bb4 Rxc2 35. Rg3 Kg8 36. f3 a5 37. Be7 Kf7 38. Bxf6 gxf6 39. f4 Rc3 40. fxe5 fxe5 41. h4 Rxg3 42. Kxg3 d3 43. Kf2 e4 44. g4 d2 45. Ke2 e3 46. a4 Nc5 47. Kd1 Nxa4 48. Ke2 Nc3+ 49. Kd3 d1Q+ 50. Kxc3 Qd2+ 51. Kc4 e2 52. Kc5 e1R 53. Kc4 Re4+ 54. Kc5 Qd4+ 55. Kc6 Re6+ 56. Kb5 Qb4# 0-1